| 000 | 00460nam a2200145Ia 4500 | ||
|---|---|---|---|
| 008 | 230917s9999||||xx |||||||||||||| ||und|| | ||
| 040 |
_e164909 _aMAIN |
||
| 041 | _aEnglish | ||
| 082 | _a891.43371109 MR726:PN | ||
| 100 | _aपण्डिता बिमला कुमारी | ||
| 245 | 0 | _aउपान्यासकार मोहन राकेश | |
| 260 |
_aजयपुर _bपंचशील _c1975 |
||
| 300 | _a119पृ. p. | ||
| 942 | _cHN | ||
| 999 |
_c195276 _d195276 |
||